| 000 | 00485nam a22001217a 4500 | ||
|---|---|---|---|
| 008 | 230602b xxu||||| |||| 00| 0 eng d | ||
| 082 |
_a259.67622 _bNCC |
||
| 100 |
_cNational Council Of Churches of Kenya And Kenya Episcopal Conference- Catholic Justice and Peace Commissionence-Catholic Justice And Peace _d2006 |
||
| 245 |
_aOur Youth, Our Hope _bIssues Facing The Youth In Kenya |
||
| 260 |
_aNairobi _bNational Council Of Churches Of Kenya _c2006 |
||
| 300 | _a62 pages | ||
| 942 |
_2ddc _cBK |
||
| 999 |
_c123 _d123 |
||